logo

DE LA ANARQUIA A LA INQUISICION ESTUDIOS SOBRE LOS CONVERSOS EN ESPAÑA DURANTE LA EDAD MEDIA (Record no. 64959)

MARC details
000 -CABECERA
campo de control de longitud fija 00508nam a2200181Ia 4500
001 - NÚMERO DE CONTROL
campo de control 29632
005 - FECHA Y HORA DE LA ÚLTIMA TRANSACCIÓN
campo de control 20260407094501.0
008 - CÓDIGOS DE INFORMACIÓN DE LONGITUD FIJA
campo de control de longitud fija 260115s9999 xx 000 0 und d
010 ## - NÚMERO DE CONTROL DE LA BIBLIOTECA DEL CONGRESO
Número de control de LC 64959
035 ## - NÚMERO DE CONTROL DEL SISTEMA
Número de control de sistema 19743
090 ## - LOCALMENTE ASIGNADO TIPO-LC NÚMERO DE CLASIFICACIÓN (OCLC); NÚMERO DE CLASIFICACIÓN LOCAL (RLIN)
Número de clasificación (OCLC) (R) ; Numero de clasificación CALL (RLIN) (NR) 94(460).02
100 ## - PUNTO DE ACCESO PRINCIPAL - NOMBRE DE PERSONA
Nombre de persona NETANYAHU BENZION
245 #0 - MENCIÓN DE TÍTULO
Título DE LA ANARQUIA A LA INQUISICION ESTUDIOS SOBRE LOS CONVERSOS EN ESPAÑA DURANTE LA EDAD MEDIA
260 ## - PUBLICACIÓN, DISTRIBUCIÓN, ETC. (PIE DE IMPRENTA)
Nombre del editor distribuidor etc. LA ESFERA DE LOS LIBROS
Fecha de publicación distribución etc. 2005
630 ## - PUNTO DE ACCESO ADICIONAL DE MATERIA--TÍTULO UNIFORME
Título uniforme HISTORIA DE ESPAÑA. EDAD MEDIA
650 ## - PUNTO DE ACCESO ADICIONAL DE MATERIA--TÉRMINO DE MATERIA
Término de materia o nombre geográfico como elemento inicial HISTORIA
942 ## - ELEMENTOS DE PUNTO DE ACCESO ADICIONAL (KOHA)
Tipo de ítem Koha Monografías
Holdings
Estado de retiro Estado de pérdida Estado dañado No para préstamo Código de colección Localización permanente Ubicación/localización actual Ubicación en estantería Fecha de adquisición Enumeración/cronología de publicación seriada Número de inventario Número de registro Total de préstamos Signatura topográfica completa Código de barras Fecha visto por última vez Número de copia Precio válido a partir de Tipo de ítem Koha Nota pública
          Servicio de Estudios Históricos Servicio de Estudios Históricos   13/09/2006 94(460).02 26485 26485   19743 FH_29632 05/02/2026 1 05/02/2026 Monografías 25 CTMS, 286 PAGS, 29,00 €